000 00700nam a2200289Ia 4500
005 20260324144508.0
008 008 260324s9999 xx 000 0 eng d
020 _a9780429035685
037 _aEBOOK
040 _aCRL
040 _beng
040 _cCRL
041 _2eng
041 _aeng
084 _qCRL
100 _aBassey E Ate
_91219536
245 0 _aDecolonization And Dependence
245 4 _bThe Development Of Nigerian-U.S. Relations, 1960-1984
260 _bTaylor and Francis
260 _c1987
365 _a
365 _b220
856 _uhttp://www.taylorfrancis.com/books/9780429035685
942 _cEBOOK
999 _c1826222
_d1826222